Normal view
MARC view
- Police
Entry Topical Term
001 - CONTROL NUMBER
- control field: 43817
003 - CONTROL NUMBER IDENTIFIER
- control field: OSt
005 - DATE AND TIME OF LATEST TRANSACTION
- control field: 20220118140351.0
008 - FIXED-LENGTH DATA ELEMENTS
- fixed length control field: 220118|| aca||aabn | a|a d
040 ## - CATALOGING SOURCE
- Original cataloging agency: OSt
- Transcribing agency: OSt
150 ## - HEADING--TOPICAL TERM
- Topical term or geographic name entry element: Police
- General subdivision: Equipment and supplies.
670 ## - SOURCE DATA FOUND
- Source citation: Work cat.: (OSt): George, A. J. 43816, Etymotic research EB15-LE electronic earplugs:, ©Sept 2013-May 2016.
